Dulce patria: historias de la música chilena

Salvato in:
Dettagli Bibliografici
Autore principale: Jurgensen, Mauricio (Autore)
Natura: Libro
Lingua:spagnolo
Pubblicazione: Santiago Ediciones B 2017
Edizione:2a. ed
Soggetti:
Tags: Aggiungi Tag
Nessun Tag, puoi essere il primo ad aggiungerne!!

MARC

LEADER 00000cam a2200000 a 4500
001 UCC0614
003 CL-VaPUC
008 170825e20170000cl |||||||||||||||||spa|d
020 |a 9789563042597 
082 0 4 |a 780.89  |b JUR  |2 21 
100 0 |a Jurgensen, Mauricio  |e author  |9 594590 
245 1 0 |a Dulce patria: historias de la música chilena 
250 |a 2a. ed 
300 |a 212 p 
942 |c BK 
945 |d 20170825 13:52:00  |a dcastane 
260 |a Santiago  |b Ediciones B  |c 2017 
650 0 |a Música chilena  |9 306643 
650 0 |a Compositores chilenos  |9 306644 
583 |a last modification  |c 20181108 01:14:56  |k Rodrigo Vera 
999 |c 369389  |d 369387 
952 |0 0  |1 0  |3 erb  |4 0  |6 780_890000000000000_JUR_2017  |7 0  |8 A  |9 485153  |a BIBCUR  |b BIBCUR  |i 5418070  |o 780.89 JUR 2017  |p 5418070  |r 2025-04-22  |w 2019-11-24  |y BK  |z Catalogado en:20170825  |k PER 
952 |0 0  |1 0  |3 erb  |4 0  |6 780_890000000000000_JUR_2017  |7 0  |8 A  |9 485154  |a BIBCUR  |b BIBCUR  |i 5418089  |o 780.89 JUR 2017  |p 5418089  |r 2025-04-22  |w 2019-11-24  |y BK  |z Catalogado en:20170825  |k PER 
952 |0 0  |1 0  |3 erb  |4 0  |6 780_890000000000000_JUR_2017  |7 0  |8 ?  |9 485155  |a BIBEDU  |b BIBEDU  |i 5510937  |l 1  |o 780.89 JUR 2017  |p 5510937  |r 2024-08-29  |s 2024-07-29  |w 2019-11-24  |y BK  |z Catalogado en:20181109  |k MUS